Matemática 7: séptimo año de educación básica
Saved in:
| Hovedforfatter: | |
|---|---|
| Format: | Bog |
| Sprog: | spansk |
| Udgivet: |
Santiago
Arrayán
1998
|
| Udgivelse: | 2a. ed |
| Fag: | |
| Tags: |
Tilføj Tag
Ingen Tags, Vær først til at tagge denne postø!
|
MARC
| LEADER | 00000nam a2200000 a 4500 | ||
|---|---|---|---|
| 001 | UCP1532 | ||
| 003 | CL-VaPUC | ||
| 008 | 990416e19980000CL |||||||||||||||||spa|d | ||
| 082 | 0 | 4 | |a 372.7 |b RAU |2 21 |
| 100 | 0 | |a Rauld V., Isabel |e author |9 427623 | |
| 245 | 1 | 0 | |a Matemática 7: séptimo año de educación básica |
| 250 | |a 2a. ed | ||
| 300 | |a 223 p | ||
| 942 | |c BK | ||
| 945 | |d 19990416 00:00:00 |a rbrito | ||
| 260 | |a Santiago |b Arrayán |c 1998 | ||
| 500 | |a Incluye libro de ejercicios | ||
| 650 | 0 | |a Métodos de enseñanza |9 270413 | |
| 650 | 0 | |a Educación básica |9 224933 | |
| 650 | 0 | |a Matemática |9 260235 | |
| 650 | 0 | |a Matemáticas |x Enseñanza |9 875527 | |
| 583 | |a last modification |c 19990416 00:00:00 |k Rodrigo Vera | ||
| 999 | |c 280202 |d 280200 | ||